000 00754nam a2200217 a 4500
001 000033283
005 20200930070141.0
008 110823s1934 dr c 000 0 spa d
040 _aDO-SdBNP
_bspa
_cBNPHU
082 _a342.729303
_bR426c,1934
110 1 _aRepública Dominicana.
_9447
240 1 0 _aCostitución (1934)
245 1 0 _aConstitución de la República Dominicana.
260 _aSanto Domingo :
_bLa Nación,
_c1934.
300 _a31 cm. :
_bretrs. ;
_c23 cm.
500 _aInventariado, 2019/VM
651 4 _aRepública Dominicana
_xConstitución
_91008
651 4 _aRepública Dominicana
_xReformas Constitucionales
_935781
651 4 _aRepública Dominicana
_zDerecho Constitucional
_9449
910 _aValidado. Control de calidad MFF
999 _c32774
_d32774